000 00725nam a2200253Ia 4500
003 OSt
005 20220923222454.0
006 a|||||r|||| 00| 0
007 ta
008 220922b |||||||| |||| 00| 0 hin d
024 _a205,200
037 _cTextual
040 _aARTS
_cARTS
_bhin
041 _2hin
_ahin
082 _aO152,6N15x, J3;K4
100 _aनगेन्द्र
_9156277
245 0 _aविचार और विवेचन
246 _aVichār aur vivechana
250 _aसंस्क 2
260 _c1953
650 _aहिन्दी साहित्य
_9156264
942 _hO152,6N15x, J3;K4
_cTEXL
_2CC
999 _c355930
_d355930